| 000 | 00428nam a2200157 a 4500 | ||
|---|---|---|---|
| 001 | 1112 | ||
| 003 | CDMR | ||
| 005 | 20130926174956.0 | ||
| 008 | 130130s19721974||||||||||||||||||||||||d | ||
| 040 |
_aCDMR _bcat _cCDMR |
||
| 100 | 1 |
_aEnzensberger, Hans Magnus _9534 |
|
| 245 | 1 | 0 | _aElementos para una teorÃa de los medios de comunicación |
| 260 |
_aBarcelona _c1972 _bAnagrama |
||
| 490 | 0 |
_aCuadernos Anagrama _v35 |
|
| 942 |
_cMON _2udc |
||
| 999 |
_c1112 _d1112 |
||